• 首页
  • 本馆介绍
  • 公告通知
  • 最新文献
  • 馆藏检索
  • 电子资源
  • 读者荐购
  • 参考咨询
  • CALIS
  • 我的图书馆
  • 登录
  • 详细信息显示
  • 放入我的书架
  • 预约/预借图书
  • 作者相关作品
  • 分类相关作品
  • 丛书相关作品
  • 出版社相关作品

书目信息

  • 表格格式
  • 工作单格式
  • 卡片格式
题名:
1999年全国律师资格考试主要参阅法律法规汇编 (上)
    
 
作者: 司法部律师资格考试委员会 编审
分册:  
出版信息: 北京   中国政法大学出版社  1998.05
页数: 938页
开本: 32开
丛书名:
单 册:
中图分类:
科图分类:
主题词: 法律--中国
电子资源:
ISBN: 7-5620-1843-X
 
 
 
 
 
000 00732nam0 2200205 45
001 9911041578
005 20100427093627.67
010    @a7-5620-1843-X@d38.00元
100    @a19991104d1998 km y0chiy0120 ea
101    @achi
105    @a z 000yy
200 1  @a1999年全国律师资格考试主要参阅法律法规汇编 (上)@A1999 Nian Quan Guo Lu Shi Zi Ge Kao Shi Zhu Yao Can Yue Fa Lu Fa Gui Hui Bian (Shang)@f司法部律师资格考试委员会编审@FSi Fa Bu Lu Shi Zi Ge Kao Shi Wei Yuan Hui Bian Shen
210    @a北京@c中国政法大学出版社@d1998.05
215    @a938页@d32开
606 0  @a法律@x中国
690    @v3
690    @aD926.5
701    @a司法部律师资格考试委员会@4编审
801    @aCN@bPFTUser@c20100427
905    @f1@b42829@dD926.5@eS700:1
    
    1999年全国律师资格考试主要参阅法律法规汇编 (上)/司法部律师资格考试委员会编审.-北京:中国政法大学出版社,1998.05
    938页;32开
    
    
    ISBN 7-5620-1843-X:38.00元
    
●
相关链接 在E读中查询图书 在当当中查询图书 在豆瓣中查询图书


正题名:1999年全国律师资格考试主要参阅法律法规汇     索取号:D926.5/S700:1         预约/预借

序号 登录号 条形码 馆藏地/架位号 状态 备注
1 42829   200428297   社科库509/509社科库 105排1列1层/ [索取号:D926.5/S700:1] 在馆    
河南城建学院图书馆 欢迎您!
大连网信软件有限公司© 版权所有